<?xml version="1.0" encoding="UTF-8"?>
<record
    xmlns:xsi="http://www.w3.org/2001/XMLSchema-instance"
    xsi:schemaLocation="http://www.loc.gov/MARC21/slim http://www.loc.gov/standards/marcxml/schema/MARC21slim.xsd"
    xmlns="http://www.loc.gov/MARC21/slim">

  <leader>00892nam a22002777a 4500</leader>
  <controlfield tag="003">OSt</controlfield>
  <controlfield tag="005">20250809091334.0</controlfield>
  <controlfield tag="008">250809b        |||||||| |||| 00| 0 eng d</controlfield>
  <datafield tag="020" ind1=" " ind2=" ">
    <subfield code="a">9789367138199</subfield>
  </datafield>
  <datafield tag="040" ind1=" " ind2=" ">
    <subfield code="c">AIMIT LIBRARY</subfield>
  </datafield>
  <datafield tag="082" ind1=" " ind2=" ">
    <subfield code="2">17</subfield>
    <subfield code="a">658.8</subfield>
    <subfield code="b">KOTP</subfield>
  </datafield>
  <datafield tag="100" ind1=" " ind2=" ">
    <subfield code="a">Kotler, Philip.</subfield>
    <subfield code="9">234769</subfield>
  </datafield>
  <datafield tag="245" ind1=" " ind2=" ">
    <subfield code="a">Marketing management /</subfield>
    <subfield code="c">By Philip Kotler ...[et.al.].</subfield>
  </datafield>
  <datafield tag="250" ind1=" " ind2=" ">
    <subfield code="a">17th ed.</subfield>
  </datafield>
  <datafield tag="260" ind1=" " ind2=" ">
    <subfield code="a">Chennai :</subfield>
    <subfield code="b">Pearson Education ,</subfield>
    <subfield code="c">2026.</subfield>
  </datafield>
  <datafield tag="300" ind1=" " ind2=" ">
    <subfield code="a">xxii,649 p.;</subfield>
    <subfield code="b">PB</subfield>
    <subfield code="c">28.5 cm.</subfield>
  </datafield>
  <datafield tag="650" ind1=" " ind2=" ">
    <subfield code="a">Marketing planning and management</subfield>
    <subfield code="9">234770</subfield>
  </datafield>
  <datafield tag="650" ind1=" " ind2=" ">
    <subfield code="a">Analyzing business markets</subfield>
    <subfield code="9">234771</subfield>
  </datafield>
  <datafield tag="650" ind1=" " ind2=" ">
    <subfield code="a">Building strong brands</subfield>
    <subfield code="9">234772</subfield>
  </datafield>
  <datafield tag="650" ind1=" " ind2=" ">
    <subfield code="a">Building customer loyalty</subfield>
    <subfield code="9">234773</subfield>
  </datafield>
  <datafield tag="700" ind1=" " ind2=" ">
    <subfield code="a">Keller, Kevin Lane.</subfield>
    <subfield code="9">234778</subfield>
  </datafield>
  <datafield tag="700" ind1=" " ind2=" ">
    <subfield code="a">Chernev, Alexander.</subfield>
    <subfield code="9">234779</subfield>
  </datafield>
  <datafield tag="700" ind1=" " ind2=" ">
    <subfield code="a">Sheth, Jagdish N.</subfield>
    <subfield code="9">234780</subfield>
  </datafield>
  <datafield tag="700" ind1=" " ind2=" ">
    <subfield code="a">Shainesh, G.</subfield>
    <subfield code="9">234781</subfield>
  </datafield>
  <datafield tag="942" ind1=" " ind2=" ">
    <subfield code="2">ddc</subfield>
    <subfield code="c">BK</subfield>
    <subfield code="e">17</subfield>
    <subfield code="k">658.8 KOTP</subfield>
  </datafield>
  <datafield tag="999" ind1=" " ind2=" ">
    <subfield code="c">240343</subfield>
    <subfield code="d">240343</subfield>
  </datafield>
  <datafield tag="952" ind1=" " ind2=" ">
    <subfield code="0">0</subfield>
    <subfield code="1">0</subfield>
    <subfield code="2">ddc</subfield>
    <subfield code="4">0</subfield>
    <subfield code="7">0</subfield>
    <subfield code="8">MBA</subfield>
    <subfield code="a">AIMIT</subfield>
    <subfield code="b">AIMIT</subfield>
    <subfield code="c">MKG</subfield>
    <subfield code="d">2025-08-08</subfield>
    <subfield code="e">Biblios Book Point</subfield>
    <subfield code="g">1180.00</subfield>
    <subfield code="i">Bill no:2654; Bill dt:2025-08-07</subfield>
    <subfield code="l">1</subfield>
    <subfield code="o">658.8 KOTP</subfield>
    <subfield code="p">MBA15214</subfield>
    <subfield code="q">2025-09-10</subfield>
    <subfield code="r">2025-08-11 10:07:01</subfield>
    <subfield code="s">2025-08-11</subfield>
    <subfield code="v">944.00</subfield>
    <subfield code="w">2025-08-09</subfield>
    <subfield code="y">BK</subfield>
  </datafield>
  <datafield tag="952" ind1=" " ind2=" ">
    <subfield code="0">0</subfield>
    <subfield code="1">0</subfield>
    <subfield code="2">ddc</subfield>
    <subfield code="4">0</subfield>
    <subfield code="7">0</subfield>
    <subfield code="8">MBA</subfield>
    <subfield code="a">AIMIT</subfield>
    <subfield code="b">AIMIT</subfield>
    <subfield code="c">MKG</subfield>
    <subfield code="d">2025-09-01</subfield>
    <subfield code="e">Biblios Book Point</subfield>
    <subfield code="g">1180.00</subfield>
    <subfield code="i">Bill no:3188; Bill dt:2025-08-28</subfield>
    <subfield code="l">0</subfield>
    <subfield code="o">658.8 KOTP</subfield>
    <subfield code="p">MBA15220</subfield>
    <subfield code="r">2025-09-02 10:42:55</subfield>
    <subfield code="v">944.00</subfield>
    <subfield code="w">2025-08-09</subfield>
    <subfield code="y">BK</subfield>
  </datafield>
  <datafield tag="952" ind1=" " ind2=" ">
    <subfield code="0">0</subfield>
    <subfield code="1">0</subfield>
    <subfield code="2">ddc</subfield>
    <subfield code="4">0</subfield>
    <subfield code="7">0</subfield>
    <subfield code="8">MBA</subfield>
    <subfield code="a">AIMIT</subfield>
    <subfield code="b">AIMIT</subfield>
    <subfield code="c">MKG</subfield>
    <subfield code="d">2025-09-01</subfield>
    <subfield code="e">Biblios Book Point</subfield>
    <subfield code="g">1180.00</subfield>
    <subfield code="i">Bill no:3188; Bill dt:2025-08-28</subfield>
    <subfield code="l">1</subfield>
    <subfield code="o">658.8 KOTP</subfield>
    <subfield code="p">MBA15221</subfield>
    <subfield code="q">2026-01-07</subfield>
    <subfield code="r">2025-12-08 08:33:29</subfield>
    <subfield code="s">2025-12-08</subfield>
    <subfield code="v">944.00</subfield>
    <subfield code="w">2025-08-09</subfield>
    <subfield code="y">BK</subfield>
  </datafield>
  <datafield tag="952" ind1=" " ind2=" ">
    <subfield code="0">0</subfield>
    <subfield code="1">0</subfield>
    <subfield code="2">ddc</subfield>
    <subfield code="4">0</subfield>
    <subfield code="7">0</subfield>
    <subfield code="8">MBA</subfield>
    <subfield code="a">AIMIT</subfield>
    <subfield code="b">AIMIT</subfield>
    <subfield code="c">MKG</subfield>
    <subfield code="d">2025-09-01</subfield>
    <subfield code="e">Biblios Book Point</subfield>
    <subfield code="g">1180.00</subfield>
    <subfield code="i">Bill no:3188; Bill dt:2025-08-28</subfield>
    <subfield code="l">0</subfield>
    <subfield code="o">658.8 KOTP</subfield>
    <subfield code="p">MBA15222</subfield>
    <subfield code="r">2025-09-02 10:42:55</subfield>
    <subfield code="v">944.00</subfield>
    <subfield code="w">2025-08-09</subfield>
    <subfield code="y">BK</subfield>
  </datafield>
</record>
